LEADER 01102nam a2200253 i 4500 001 991001724139707536 005 20020502201236.0 008 951011s1985 it ||| | || 035 $ab10897975-39ule_inst 035 $aLE02375382$9ExL 040 $aDip.to Studi Storici$bita 082 0 $a758.4 100 1 $aBologna, Ferdinando$033581 245 10$aPaesaggi e nature morte dall'Italia e dall'Europa del nord tra XVI e XVIII secolo :$bcatalogo della mostra, Roma, Galleria Cesare Lampronti, 12 novembre-30 dicembre 1985 /$ca cura di Ferdinando Bologna 260 $aRoma :$bDe Luca,$c1985 300 $a130 p. :$bill. ;$c25 cm. 650 4$aNatura morta$zEuropa$ySec.16.-18. 650 4$aPaesaggi$zEuropa$ySec. 16.-18 907 $a.b10897975$b21-09-06$c28-06-02 912 $a991001724139707536 945 $aLE023 758.4 PNM 1 2$g1$i2023000018484$lle023$o-$pE0.00$q-$rl$s- $t0$u1$v0$w1$x0$y.i11003844$z28-06-02 996 $aPaesaggi e nature morte dall'Italia e dall'Europa del nord tra XVI e XVIII secolo$9921085 997 $aUNISALENTO 998 $ale023$b01-01-95$cm$da $e-$feng$git $h0$i1